Siglas relacionadas con desarrollo internacional /

Wedi'i Gadw mewn:
Manylion Llyfryddiaeth
Prif Awdur: Carroll, Margaret
Awduron Eraill: comp
Fformat: Texto
Cyhoeddwyd: Ottawa: CIID
Tagiau: Ychwanegu Tag
Dim Tagiau, Byddwch y cyntaf i dagio'r cofnod hwn!

MARC

LEADER 00000 a a2200000 04500
001 22211
003
040
090 |a 150600  
100 |a Carroll, Margaret  
245 |a Siglas relacionadas con desarrollo internacional /  |c Margaret Carroll 
260 |a Ottawa:   |b CIID  
300 |a 162 p.  
700 |a comp.  
999 |c 2353  |d 2353